Literature - European Literature | 0 | 5 | 0 | 1 | 50 | 122 | 125.20 | 0 | 2 |
History - American History | 0 | 3 | 0 | 0 | 30 | 73 | 92.00 | 0 | 2 |
Literature - British Literature | 0 | 3 | 0 | 0 | 30 | 78 | 93.00 | 0 | 3 |
Other Science: Earth Science | 1 | 1 | 0 | 0 | 25 | 67 | 109.00 | 0 | 2 |
Literature - American Literature | 0 | 3 | 1 | 0 | 25 | 116 | 131.67 | 0 | 1 |
History - European History | 0 | 2 | 0 | 1 | 20 | 122 | 130.50 | 0 | 2 |
Fine Arts - Auditory Fine Arts | 0 | 2 | 0 | 0 | 20 | 126 | 128.00 | 0 | 2 |
Fine Arts - Visual Fine Arts | 0 | 2 | 0 | 2 | 20 | 140 | 141.50 | 0 | 1 |
Social Science | 0 | 1 | 0 | 1 | 10 | 128 | 128.00 | 0 | 0 |
History - World History | 0 | 1 | 0 | 0 | 10 | 125 | 125.00 | 0 | 1 |
Other Arts: Auditory | 0 | 1 | 0 | 0 | 10 | 142 | 142.00 | 0 | 1 |
Other Science: Astronomy | 0 | 1 | 0 | 1 | 10 | 149 | 149.00 | 0 | 1 |
Other Science: Math | 0 | 1 | 0 | 0 | 10 | 140 | 140.00 | 0 | 0 |
Philosophy | 0 | 2 | 2 | 1 | 10 | 134 | 138.00 | 0 | 2 |
Science - Biology | 0 | 1 | 1 | 0 | 5 | 127 | 127.00 | 0 | 0 |
Science - Physics | 0 | 0 | 0 | 0 | 0 | | 0.00 | 0 | 0 |
Current Events | 0 | 0 | 0 | 0 | 0 | | 0.00 | 0 | 0 |